01751nam a2200397Ia 4500001001200000003000800012006001900020007001500039008004100054010001700095020003500112020003800147020002600185040002100211035002100232050002600253082001400279100002900293245023500322260004900557300002500606500007000631500001900701504005400720533015200774610005400926650002800980650002401008650006401032655002901096710005101125710001701176710001701193856012601210999001701336ebr10744766CaPaEBRm o u cr cn|||||||||130312s2013 caua sb 000 0 eng d z 2013009888 z0833079964 (pbk. : alk. paper) z9780833079961 (pbk. : alk. paper) z9780833079992 (ebook) aCaPaEBRcCaPaEBR a(OCoLC)83066913714aRJ506.D47bS38 2013eb04a362.32231 aSchultz, Danaq(Dana J.)10aTransforming systems for parental depression and early childhood developmental delaysh[electronic resource] :bfindings and lessons learned from the Helping Families Raise Healthy Children initiative /cDana Schultz ... [et al.]. aSanta Monica, CA :bRAND Corporation,c2013. axxix, 166 p. :bill. a"Prepared for the Community Care Behavioral Health Organization." a"RAND Health." aIncludes bibliographical references (p. 159-166). aElectronic reproduction.bPalo Alto, Calif. :cebrary,d2013.nAvailable via World Wide Web.nAccess may be limited to ebrary affiliated libraries.20aHelping Families Raise Healthy Children (Project) 0aCaregiversxPsychology. 0aDepression, Mental. 0aParents of developmentally disabled childrenxServices for. 7aElectronic books.2local2 aCommunity Care Behavioral Health Organization.2 aRAND Health.2 aebrary, Inc.40uhttp://site.ebrary.com/lib/rucke/Doc?id=10744766zAn electronic book accessible through the World Wide Web; click to view c14042d14042